000 00499nam a22002057i 4500
001 952
003 OSt
005 20170126082248.0
007 tu
008 161220s1989 xxu||||| |||| 00| 0 d
024 7 _a951
_2RID
040 _cOSt
084 _a15.506
_2z
242 0 0 _aLizenzen, wirtsch.Entwicklung d.sozialist.Länder betreffend
245 0 0 _aLicence v ekonomickem rozvoji socialistickych zemi
260 _aPraha,
_c1989.
300 _c21cm
651 _aEastern Europe
110 2 _aEU-CSAV
_eEd.
942 _cB
999 _c942
_d942